الاذكار المنتخبة من كلام سيد الابرار صلى الله عليه وسلم / (Record no. 53895)
[ view plain ]
| 000 -الفاتح | |
|---|---|
| حقل البيانات ثابتة الطول | 00760nam a2200169Ia 4500 |
| 005 - وقت وتاريخ اخر تعامل مع التسجيلة | |
| رقم الضبط | 20240530105212.0 |
| 008 - عناصر البيانات ثابتة الطول - معلومات عامة | |
| حقل البيانات ثابتة الطول | 140319s9999 xx 000 0 ara d |
| 040 ## - مصدر الفهرسة | |
| وكالة الفهرسة الأصلية | GCL / |
| وكالة النسخ | GCL |
| 082 04 - رقم تصنيف ديوى العشرى | |
| رقم التصنيف | 229.3/ |
| رقم المادة | ن أ |
| 100 1# - المدخل الرئيسى - إسم شخصى | |
| الإسم الشخصى | النووى، ابو زكريا يحيى بن شرف بن مرى بن حسن الحزامى الحورانى الشافعى |
| 245 10 - بيان العنوان | |
| العنوان | الاذكار المنتخبة من كلام سيد الابرار صلى الله عليه وسلم / |
| بيان المسئوليه,etc | ابو زكريا يحيى بن شرف النووى بن مرى بن حسن الحزامى الحورانى الشافعى |
| 650 04 - المدخل الاضافى بالموضوع-مصطلح موضوعى | |
| مصطلح موضوعي | الادعية والاوراد |
| 700 1# - المدخل الاضافى - اسم شخصى | |
| الإسم الشخصى | ابن علان |
| 942 ## - عناصر المدخل الإضافي( كوها) | |
| مصدر التصنيف او مخطط الترفيف | Dewey Decimal Classification |
| Koha [default] item type | كتاب |
| 260 ## - PUBLICATION, DISTRIBUTION, ETC. (IMPRINT) | |
| -- | [S.N] : |
| -- | المكتبة الثقافية |
| حالة التراجع | حالة الفقد | حالة تلف | ليس للاعارة | المكان المؤقت | الموقع الحالى | تاريخ الاكتساب | اجمالي اﻻعارات | رقم الطلب | الباركود | تاريخ اخر مشاهدة | تاريخ تفعيل السعر | نوع وعاء كوها | مصدر التصنيف او خطة الترفيف | موقع الترفيف |
|---|---|---|---|---|---|---|---|---|---|---|---|---|---|---|
| مكتبة القاهرة الكبرى | مكتبة القاهرة الكبرى | 03/26/2014 | 229.3/ن أ | 129750 | 03/26/2014 | 03/26/2014 | كتاب | |||||||
| مكتبة القاهرة الكبرى | مكتبة القاهرة الكبرى | 03/26/2014 | 229.3/ن أ | 129751 | 03/26/2014 | 03/26/2014 | كتاب | |||||||
| مكتبة القاهرة الكبرى | مكتبة القاهرة الكبرى | 03/26/2014 | 229.3/ن أ | 129752 | 03/26/2014 | 03/26/2014 | كتاب | |||||||
| مكتبة القاهرة الكبرى | مكتبة القاهرة الكبرى | 09/21/2019 | 229.3/ن أ | 166480 | 09/21/2019 | 09/21/2019 | كتاب | ddc | القاعة الرئيسية |

